000 00664nam a22002057a 4500
999 _c192853
_d192853
005 20221007104500.0
010 _aUR-11737
020 _a9789393785350
_c300.00
035 _aU-10292
037 _bDBAD/PUB
_a-
082 _a841
100 _aمرتب ۔ سنجے کمار
245 _aدیوان نسیم /
_cمرتب ۔ سنجے کمار
_hا ر د و
246 _aDiwan-E-Naseem /
_bed. by Sanjay Kumar
260 _aNew Delhi
_bEducational Publishing House
_c2022 ء
270 _aH.O. D1/16, Ansari Road, Daryaganj
_bNew Delhi
_e110002
300 _a202ص
_c22cm(Hb)
700 _aسنجے کمار
942 _2ddc
_cUR
_h841
_mس ن ج